| 000 -LEADER |
| fixed length control field |
00894nam a22002777a 4500 |
| 001 - CONTROL NUMBER |
| control field |
19910 |
| 003 - CONTROL NUMBER IDENTIFIER |
| control field |
BD-DhUAP |
| 005 - DATE AND TIME OF LATEST TRANSACTION |
| control field |
20200120093258.0 |
| 008 - FIXED-LENGTH DATA ELEMENTS--GENERAL INFORMATION |
| fixed length control field |
200120r20131992ii a b 001 0 eng d |
| 020 ## - INTERNATIONAL STANDARD BOOK NUMBER |
| International Standard Book Number |
9781259006159 |
| 020 ## - INTERNATIONAL STANDARD BOOK NUMBER |
| International Standard Book Number |
1259006158 |
| 040 ## - CATALOGING SOURCE |
| Original cataloging agency |
BD-DhUAP |
| Transcribing agency |
BD-DhUAP |
| Modifying agency |
BD-DhUAP |
| Language of cataloging |
Eng |
| 082 00 - DEWEY DECIMAL CLASSIFICATION NUMBER |
| Edition number |
23 |
| Classification number |
005.26 HAL |
| 100 1# - MAIN ENTRY--PERSONAL NAME |
| Personal name |
Hall, Douglas V. |
| 245 10 - TITLE STATEMENT |
| Title |
Microprocessors and interfacing : |
| Remainder of title |
programming and hardware / |
| Statement of responsibility, etc. |
Douglas V. Hall and S. S. S. P. Rao. |
| 250 ## - EDITION STATEMENT |
| Edition statement |
3rd ed. |
| 260 ## - PUBLICATION, DISTRIBUTION, ETC. |
| Place of publication, distribution, etc. |
New Delhi : |
| Name of publisher, distributor, etc. |
Tata McGraw-Hill, |
| Date of publication, distribution, etc. |
c1992 [Reprinted 2013]. |
| 300 ## - PHYSICAL DESCRIPTION |
| Extent |
various pages : |
| Other physical details |
illustrations ; |
| Dimensions |
28 cm. |
| 504 ## - BIBLIOGRAPHY, ETC. NOTE |
| Bibliography, etc. note |
Includes bibliographical references and index. |
| 650 #0 - SUBJECT ADDED ENTRY--TOPICAL TERM |
| Topical term or geographic name entry element |
Microprocessors |
| General subdivision |
Programming. |
| 650 #0 - SUBJECT ADDED ENTRY--TOPICAL TERM |
| Topical term or geographic name entry element |
Computer interfaces. |
| 700 ## - ADDED ENTRY--PERSONAL NAME |
| Personal name |
Rao, S. S. S. P. |
| 942 00 - ADDED ENTRY ELEMENTS (KOHA) |
| Source of classification or shelving scheme |
|
| Koha item type |
Book |